Lesi︠a︡ Ukraïnka - prodovzhuvach movnikh tradit︠s︡īĭ T.G. Shevchenka /

Saved in:
Bibliographic Details
Main Author: Boĭko, M. F.
Format: Book
Language:Russian
Published: Kiïv : Vidavnit︠s︡tvo Adademï̄ nauk ukraïnsʹkoï RSR, 1963.
Subjects:
LEADER 01050nam a2200241 a 4500
001 c000172084
003 CARM
005 20010607160756.0
008 010607s1963 ur b 000 0drusod
019 1 |a 22748085  |5 LACONCORD2021 
035 |a (OCoLC)222908450  |5 LACONCORD2021 
040 |a VU  |b eng  |c VU 
100 1 |a Boĭko, M. F. 
245 1 0 |a Lesi︠a︡ Ukraïnka - prodovzhuvach movnikh tradit︠s︡īĭ T.G. Shevchenka /  |c M.F. Boĭko. 
260 |a Kiïv :  |b Vidavnit︠s︡tvo Adademï̄ nauk ukraïnsʹkoï RSR,  |c 1963. 
300 |a 42 p. ;  |c 20 cm. 
500 |a At head of title: Akademii︠a︡ nauk ukraïnsʹkoï RSR. Institut movoznavstva im. O.O. Potebnī. 
504 |a Includes bibliographical references. 
600 1 0 |a Ukraïnka, Lesi︠a︡,  |d 1871-1913. 
600 1 0 |a Shevchenko, Taras,  |d 1814-1861. 
852 8 |b CARM  |h A2:AB34H0  |i A02822  |p 0207427  |f BK 
999 f f |i db99e7b0-f711-54fc-8250-e7332b6772f3  |s e13741d9-8cbb-5172-9b64-364ef0995ecb 
952 f f |p Can circulate  |a CAVAL  |b CAVAL  |c CAVAL  |d CARM 1 Store  |e A02822  |f A2:AB34H0  |h Other scheme  |i book  |m 0207427